00656nam a2200181 a 450000100100000000500170001000800410002704000250006808200140009310000300010724500970013726000330023430000210026750000420028804900090033095201180033999900170045700002016520200929170308.0100726s1954 mx 000 0 spa d aDO-SdBNPbspacBNPHU axxxbZ95i1 aZun Felde, Alberto94275910aÍndice crítico de la literatura hispanoamericana :blos ensayistas /cAlberto Zun Felde. aMéxico :bGuarinia,c1954. a606 p. ;c25 cm. aIncluye notas al pie de las páginas aBNPD 001054708MOaGRbGRcCTd2010-07-26iLF1l0oxxx Z95ip20165-10r2020-06-25w2020-06-25y4ZPréstamo en sala c19672d19672